The godfather legacy: The Untold Story of the Making of the Class Godfathe Trilogy featuring never-before published production stills (Record no. 20201)

MARC details
000 -LEADER
fixed length control field 00588nam a2200181Ia 4500
005 - DATE AND TIME OF LATEST TRANSACTION
control field 20260130111132.0
008 - FIXED-LENGTH DATA ELEMENTS--GENERAL INFORMATION
fixed length control field 231207s9999 xx 000 0 und d
020 ## - INTERNATIONAL STANDARD BOOK NUMBER
International Standard Book Number 9780684836478
040 ## - CATALOGING SOURCE
Transcribing agency PK-LaNCA
082 ## - DEWEY DECIMAL CLASSIFICATION NUMBER
Classification number 791.4375
Item number LEB
100 ## - MAIN ENTRY--PERSONAL NAME
Author Name Lebo, Harlan
245 #4 - TITLE STATEMENT
Title The godfather legacy: The Untold Story of the Making of the Class Godfathe Trilogy featuring never-before published production stills
260 ## - PUBLICATION, DISTRIBUTION, ETC.
Name of publisher, distributor, etc. Simon & Schuster
Place of publication, distribution, etc. New York
Date of publication, distribution, etc. 1997
300 ## - PHYSICAL DESCRIPTION
Pages xvii, 283p
Other physical details ill
546 ## - LANGUAGE NOTE
Language note English
650 ## - SUBJECT ADDED ENTRY--TOPICAL TERM
Subject Godfather films--History and criticism. FTV.
942 ## - ADDED ENTRY ELEMENTS (KOHA)
Koha item type Film & TV
999 ## -
-- 20201
-- 20201
Holdings
Withdrawn status Weedout from Library Permanent Location Current Location Shelving location Date acquired Full call number Barcode Price effective from Koha item type
    NATIONAL COLLEGE OF ARTS, LAHORE - LIBRARY NATIONAL COLLEGE OF ARTS, LAHORE - LIBRARY Film & TV Section Basement of Library 08/12/2023 FTV 791.4375 LEB 24433 24433 08/12/2023 Film & TV
    NATIONAL COLLEGE OF ARTS, LAHORE - LIBRARY NATIONAL COLLEGE OF ARTS, LAHORE - LIBRARY Film & TV Section Basement of Library 30/01/2026 FTV 791.4375 LEB 25256 25256 30/01/2026 Film & TV